000 00846nam a2200253Ia 4500
003 OSt
005 20220930073354.0
006 a|||||r|||| 00| 0
007 ta
008 220926b |||||||| |||| 00| 0 eng d
024 _a30977
037 _cTheses
040 _aCRL
_cCRL
_beng
041 _2eng
_aeng
100 _aBahri Monisha
_9531463
110 _aUniversity of Delhi. Faculty of Medical Sciences. Department of Paediatrics
245 0 _aStudy on the risk factors and occurrence of retinopathy of prematurity in preterm nedonates
260 _c1999
650 _aCHILDREN - DISEASES
700 _a Dr R N Mandal Ravi Supervisor
_9530246
700 _aUniversity of Delhi. Faculty of Medical Sciences. Department of Paediatrics
942 _cDIS
_2CC
999 _c864956
_d864956